Uplatnenie vybraných marketingových činností v slovenských výrobných družstvách

Aplikácia vybraných marketingových činností vo výrobných družstvách na Slovensku z pohľadu ich veľkosti, vývoja tržieb a kvalifikácie marketingových pracovníkov. Vplyv faktorov pôsobiacich na využívanie marketingovej stratégie.

Salvato in:
Dettagli Bibliografici
Autore principale: Petrikovič, Igor
Natura: Capitolo di libro
Lingua:slovacco
Soggetti:
Tags: Aggiungi Tag
Nessun Tag, puoi essere il primo ad aggiungerne!!

MARC

LEADER 00000nla a2200000 4500
001 0205643
005 20240417075059.2
041 0 |a slo 
044 |a SK 
245 1 0 |a Uplatnenie vybraných marketingových činností v slovenských výrobných družstvách  |c Igor Petrikovič 
520 |a Aplikácia vybraných marketingových činností vo výrobných družstvách na Slovensku z pohľadu ich veľkosti, vývoja tržieb a kvalifikácie marketingových pracovníkov. Vplyv faktorov pôsobiacich na využívanie marketingovej stratégie. 
610 2 0 |a marketing 
610 2 0 |a stratégia marketingová 
610 2 0 |a komunikácia marketingová 
610 2 0 |a nástroje marketingové 
610 2 0 |a výskum marketingový 
610 2 0 |a družstvá výrobné 
100 1 |a Petrikovič, Igor